000 00370nam a2200169Ia 4500
100 _aBasu/B.N
650 _aTechnical Writing
942 _cBK
366 _f20
654 _atechnical writing
245 _aTechnical Writing
260 _bPrentice Hall of India
_aNew Delhi
_c2007
082 _a372.6/BAS
_bBAS
300 _a151
546 _aENGLISH
999 _c33124
_d33124